| 000 | 00675nam a22002177a 4500 | ||
|---|---|---|---|
| 003 | 0 | ||
| 005 | 20250103142200.0 | ||
| 008 | 250103b xxu||||| |||| 00| 0 eng d | ||
| 020 | _a9780443107108 | ||
| 050 |
_aRM 301 _b.B87 2025 |
||
| 100 |
_aBurchum, Jacqueline Rosenjack _eauthor. |
||
| 245 |
_aLehne's pharmacology for nursing care / _cJagqueline Rosenjack Burchum and Laura D. Rosenthal. |
||
| 250 | _a12th ed. | ||
| 260 |
_aSt. Louis, Missouri : _bElsevier, _c2025. |
||
| 300 |
_axi, 1476 p. : _bcol. ill. ; _c28 cm. |
||
| 504 | _aIncludes index. | ||
| 650 | _aPharmacology. | ||
| 650 | _aNursing. | ||
| 650 |
_aPharmacology _vNurses instruction. |
||
| 942 |
_2lcc _cBK |
||
| 999 |
_c366870 _d366870 |
||